[Event "Rheinland Pfalz op 10th"]
[Site "Nickenich"]
[Date "2018.05.31"]
[Round "2"]
[White "Marquardt, Christian"]
[Black "Luetz, Jannik"]
[Result "1/2-1/2"]
[WhiteElo "2115"]
[BlackElo "1847"]
[PlyCount "43"]
[EventDate "2018.05.31"]
[EventType "swiss"]
[EventRounds "7"]
[EventCountry "GER"]
[SourceTitle "CBM 184 Extra"]
[Source "ChessBase"]
[SourceDate "2018.06.28"]
[SourceVersion "1"]
[SourceVersionDate "2018.06.28"]
[SourceQuality "1"]

1. c4 e5 2. Nc3 Nf6 3. Nf3 Nc6 4. e3 d5 5. cxd5 Nxd5 6. Bb5 Nxc3 7. bxc3 Bd6 8. d4 exd4 9. cxd4 Bd7 10. 0-0 0-0 11. e4 f6 12. Re1 Kh8 13. Bb2 a6 14. Bf1 Qe8 15. e5 fxe5 16. d5 Ne7 17. Nxe5 Bc5 18. Nd3 Bd6 19. Ne5 Bc5 20. Bd4 Bxd4 21. Qxd4 Bb5 22. Rac1 1/2-1/2

[Event "SVR-ch MAT-I 37th"]
[Site "Heimbach Weis"]
[Date "2014.04.11"]
[Round "1"]
[White "Ley, Sabrina"]
[Black "Luetz, Jannik"]
[Result "1-0"]
[WhiteElo "1510"]
[BlackElo "1747"]
[PlyCount "51"]
[EventDate "2014.04.11"]
[EventType "tourn"]
[EventRounds "9"]
[EventCountry "GER"]
[SourceTitle "CBM 160 Extra"]
[Source "ChessBase"]
[SourceDate "2014.07.01"]
[SourceVersion "1"]
[SourceVersionDate "2014.07.01"]
[SourceQuality "1"]

1. e4 e5 2. Nf3 Nf6 3. d4 Nxe4 4. dxe5 Bc5 5. Qd5 Nxf2 6. Qxc5 Nxh1 7. Bc4 Qe7 8. Qxe7+ Kxe7 9. Kf1 h6 10. Kg1 Re8 11. Kxh1 Kf8 12. Bf4 Nc6 13. Nc3 Ne7 14. Nb5 Ng6 15. Nxc7 Nxf4 16. Nxa8 Ne6 17. Bxe6 Rxe6 18. Nc7 Rc6 19. Nb5 a6 20. Nbd4 Rc5 21. c3 b6 22. Re1 Bb7 23. Nf5 Ra5 24. N3d4 h5 25. Nd6 Ba8 26. Nc4 1-0

[Event "SVR-ch MAT 36th"]
[Site "Idar Oberstein"]
[Date "2013.03.28"]
[Round "4"]
[White "Luetz, Jannik"]
[Black "Uglesic, Roman"]
[Result "1/2-1/2"]
[WhiteElo "1652"]
[BlackElo "1697"]
[PlyCount "30"]
[EventDate "2013.03.23"]
[EventType "tourn"]
[EventRounds "7"]
[EventCountry "GER"]
[SourceTitle "EXT 2014"]
[Source "ChessBase"]
[SourceDate "2013.11.20"]
[SourceVersion "1"]
[SourceVersionDate "2013.11.20"]
[SourceQuality "1"]

1. e4 c5 2. Nf3 d6 3. Bb5+ Bd7 4. Bxd7+ Qxd7 5. c4 e5 6. Nc3 Nf6 7. d3 h6 8. h3 Nc6 9. a3 Be7 10. Be3 Nd4 11. Bxd4 exd4 12. Ne2 b5 13. b3 0-0 14. 0-0 bxc4 15. bxc4 Rfb8 1/2-1/2

[Event "SVR-op 35th"]
[Site "Nickenich"]
[Date "2012.03.31"]
[Round "1"]
[White "Schnur, Edmund"]
[Black "Luetz, Jannik"]
[Result "1-0"]
[WhiteElo "2183"]
[BlackElo "1502"]
[PlyCount "91"]
[EventDate "2012.03.30"]
[EventType "swiss"]
[EventRounds "7"]
[EventCountry "GER"]
[SourceTitle "EXT 2013"]
[Source "ChessBase"]
[SourceDate "2012.11.22"]
[SourceVersion "1"]
[SourceVersionDate "2012.11.22"]
[SourceQuality "1"]

1. c4 Nf6 2. g3 e6 3. Bg2 d5 4. Nf3 Be7 5. 0-0 0-0 6. b3 b6 7. Bb2 Bb7 8. Ne5 Nbd7 9. d4 c5 10. Nxd7 Qxd7 11. dxc5 bxc5 12. e3 Rad8 13. Qc2 dxc4 14. Qxc4 Bxg2 15. Kxg2 Qd5+ 16. Qxd5 Rxd5 17. Nc3 Rd2 18. Ba3 Nd5 19. Nxd5 exd5 20. Rfd1 Rxd1 21. Rxd1 Rd8 22. Rc1 Rc8 23. Kf3 f6 24. e4 d4 25. Rc4 a5 26. Ke2 Kf7 27. Bb2 Ke6 28. Bxd4 g6 29. Bc3 Ra8 30. Ra4 Bd8 31. Kd3 f5 32. exf5+ Kxf5 33. Kc4 Kg4 34. Kxc5+ Kh3 35. Bd4 Kxh2 36. Kc6 Bg5 37. Kb7 Rd8 38. Bb6 Rf8 39. Rxa5 Bd8 40. Bxd8 Rxd8 41. a4 Kg2 42. Rb5 Kxf2 43. g4 Kf3 44. g5 Rd7+ 45. Kc6 Rf7 46. a5 1-0

[Event "SVR-op 34th"]
[Site "Reil"]
[Date "2011.04.16"]
[Round "2"]
[White "Luetz, Jannik"]
[Black "Ehlen, Ralf"]
[Result "1/2-1/2"]
[WhiteElo "1314"]
[BlackElo "1692"]
[PlyCount "37"]
[EventDate "2011.04.16"]
[EventType "swiss"]
[EventRounds "7"]
[EventCountry "GER"]
[SourceTitle "EXT 2013"]
[Source "ChessBase"]
[SourceDate "2012.11.22"]
[SourceVersion "1"]
[SourceVersionDate "2012.11.22"]
[SourceQuality "1"]

1. e4 c5 2. Nf3 Nc6 3. d4 cxd4 4. Nxd4 g6 5. Be3 Bg7 6. Nc3 Nf6 7. Qd2 0-0 8. Nxc6 dxc6 9. Qxd8 Rxd8 10. Be2 b6 11. 0-0 Bb7 12. e5 Nd5 13. Nxd5 Rxd5 14. f4 e6 15. Bf3 Rd7 16. Rad1 Rad8 17. Rxd7 Rxd7 18. Rd1 Rxd1+ 19. Bxd1 1/2-1/2